Journey through the afterlife : ancient Egyptian Book of the dead /
محفوظ في:
مؤلفون آخرون:
التنسيق: كتاب
اللغة: English
منشور في:
Cambridge, Mass. : London :
Harvard University Press ; British Museum Press,
2010.
الموضوعات:
الوسوم: إضافة وسم
لا توجد وسوم, كن أول من يضع وسما على هذه التسجيلة!
رقم الطلب: ( L )PJ1557 .T25 2010
| LEADER | 01328nam a2200253Ia 4500 | ||
|---|---|---|---|
| 003 | OSt | ||
| 005 | 20240624062453.0 | ||
| 008 | 100719s2010 mauab b 001 0 eng | ||
| 952 | |0 0 |1 0 |2 lcc |4 0 |7 1 |9 43760 |a ARCE |b ARCE |d 2022-11-24 |l 0 |o ( L )PJ1557 .T25 2010 |p 1025589 |r 2022-11-24 00:00:00 |w 2022-11-24 |y BK | ||
| 999 | |c 50217 |d 50217 | ||
| 020 | |a 9780674057500 | ||
| 040 | |c ARCE Library | ||
| 050 | 4 | |a ( L )PJ1557 .T25 2010 | |
| 245 | 0 | 0 | |a Journey through the afterlife : |b ancient Egyptian Book of the dead / |c edited by John H. Taylor. |
| 264 | 1 | |a Cambridge, Mass. : |b Harvard University Press ; |a London : |b British Museum Press, |c 2010. | |
| 300 | |a 320 p. : |b col. ill., col. map ; |c 29 cm. | ||
| 504 | |a Includes bibliographical references and index. | ||
| 505 | 0 | |a Introduction: Life and afterlife in the ancient Egyptian cosmos Preparing for the afterlife The evolution of the Book of the dead / by Irmtraut Munro The day of burial The mummy in the tomb The landscape of the hereafter Empowering the dead Avoiding disaster Judgement The perfect afterlife Making the Book of the dead / by Rita Lucarelli Studying the Book of the dead / by Barbara Lüscher. | |
| 630 | 0 | 0 | |a Book of the dead. |
| 650 | 0 | |a Future life. | |
| 650 | 0 | |a Incantations, Egyptian. | |
| 700 | 1 | |a Taylor, John H., |d 1958- | |
| 901 | |a reviewed | ||
| 942 | |2 lcc |c BK | ||
